Peterson's toefl grammar flash : (Record no. 344117)
[ view plain ]
| 000 -LEADER | |
|---|---|
| fixed length control field | 00714 a2200205 4500 |
| 020 ## - INTERNATIONAL STANDARD BOOK NUMBER | |
| International Standard Book Number | 156079951X |
| 020 ## - INTERNATIONAL STANDARD BOOK NUMBER | |
| International Standard Book Number | 9781560799511 |
| 082 04 - DEWEY DECIMAL CLASSIFICATION NUMBER | |
| Classification number | 428.24076 |
| 090 ## - LOCALLY ASSIGNED LC-TYPE CALL NUMBER (OCLC); LOCAL CALL NUMBER (RLIN) | |
| -- | 1599 |
| -- | 1599 |
| 100 1# - MAIN ENTRY--PERSONAL NAME | |
| Personal name | Broukal, Milada. |
| 245 10 - TITLE STATEMENT | |
| Title | Peterson's toefl grammar flash : |
| Remainder of title | the quick way to build grammar power / |
| Statement of responsibility, etc. | Milada Broukal. |
| 260 ## - PUBLICATION, DISTRIBUTION, ETC. | |
| Place of publication, distribution, etc. | [S.l.] : |
| Name of publisher, distributor, etc. | Petersons, |
| Date of publication, distribution, etc. | 1997. |
| 300 ## - PHYSICAL DESCRIPTION | |
| Extent | 176 p. ; |
| Dimensions | 23 cm. |
| 490 1# - SERIES STATEMENT | |
| Series statement | Toefl flash series. |
| 500 ## - GENERAL NOTE | |
| General note | Paperback. |
| 830 #0 - SERIES ADDED ENTRY--UNIFORM TITLE | |
| Uniform title | Toefl flash series. |
| 856 40 - ELECTRONIC LOCATION AND ACCESS | |
| Materials specified | Amazon.com |
| Uniform Resource Identifier | <a href="http://www.amazon.com/exec/obidos/ASIN/156079951X/chopaconline-20">http://www.amazon.com/exec/obidos/ASIN/156079951X/chopaconline-20</a> |
| 856 40 - ELECTRONIC LOCATION AND ACCESS | |
| Materials specified | Amazon customer reviews |
| Uniform Resource Identifier | <a href="http://www.chopac.org/cgi-bin/tools/azrev.pl?q=156079951X">http://www.chopac.org/cgi-bin/tools/azrev.pl?q=156079951X</a> |
| 942 ## - ADDED ENTRY ELEMENTS (KOHA) | |
| Institution code [OBSOLETE] | NBS |
| Koha item type | Book |
| Call number prefix | 428.24076 BRO |
| Withdrawn status | Lost status | Damaged status | Not for loan | Permanent Location | Current Location | Date acquired | Total Checkouts | Full call number | Barcode | Date last seen | Date last checked out | Price effective from | Koha item type | Source of classification or shelving scheme | Public note |
|---|---|---|---|---|---|---|---|---|---|---|---|---|---|---|---|
| Central Library (CL) | Central Library (CL) | 02/08/2021 | 428.24076 | NBS1412 | 02/08/2021 | 02/08/2021 | Book | Weeded Out vide e-minute no.67/2004/NIMS,Dated:23 Auguest 2004 | |||||||
| NUST Law School (NLS) | NUST Law School (NLS) | 08/28/2013 | 3 | 428.24076 BRO | NBS1411 | 04/29/2021 | 04/02/2021 | 08/28/2013 | Book |
